Statistics for NFL Receiving Leaders of the 2010s

Click here to take the quiz!

General Stats

  • This quiz has been taken 333 times
  • The average score is 85 of 100

Answer Stats

YardsTeamPlayer% Correct
1,593ATLJulio Jones
100%
1,394ATLJulio Jones
100%
1,871ATLJulio Jones
100%
1,409ATLJulio Jones
100%
1,677ATLJulio Jones
100%
1,444ATLJulio Jones
100%
1,101DETMarvin Jones
100%
1,725NORMichael Thomas
99%
1,405NORMichael Thomas
99%
1,137NORMichael Thomas
99%
1,245NORMichael Thomas
99%
1,499PITAntonio Brown
98%
1,834PITAntonio Brown
98%
1,284PITAntonio Brown
98%
1,533PITAntonio Brown
98%
1,698PITAntonio Brown
98%
1,304DENDemaryius Thomas
98%
1,619DENDemaryius Thomas
98%
1,434DENDemaryius Thomas
98%
1,430DENDemaryius Thomas
98%
1,183KANTyreek Hill
98%
1,479KANTyreek Hill
98%
1,492DETCalvin Johnson
97%
1,964DETCalvin Johnson
97%
1,214DETCalvin Johnson
97%
1,681DETCalvin Johnson
97%
1,120DETCalvin Johnson
97%
1,525TAMMike Evans
97%
1,321TAMMike Evans
97%
1,367NYGOdell Beckham Jr.
97%
1,305NYGOdell Beckham Jr.
97%
1,450NYGOdell Beckham Jr.
97%
1,407HOUAndre Johnson
96%
1,216HOUAndre Johnson
96%
1,598HOUAndre Johnson
96%
1,521HOUDeAndre Hopkins
96%
1,572HOUDeAndre Hopkins
96%
1,378HOUDeAndre Hopkins
96%
1,426PITJuju Smith-Schuster
96%
1,229KANTravis Kelce
96%
1,336KANTravis Kelce
96%
1,393LACKeenan Allen
94%
1,199LACKeenan Allen
94%
1,189DALAmari Cooper
93%
1,153OAKAmari Cooper
93%
1,333TAMChris Godwin
93%
1,215ARILarry Fitzgerald
93%
1,156ARILarry Fitzgerald
93%
1,137ARILarry Fitzgerald
93%
1,411ARILarry Fitzgerald
93%
1,276MINAdam Thielen
92%
1,373MINAdam Thielen
92%
1,448INDT.Y. Hilton
92%
1,345INDT.Y. Hilton
92%
1,297CINA.J. Green
91%
1,350CINA.J. Green
91%
1,426CINA.J. Green
91%
1,386GNBDavante Adams
91%
1,394CARSteve Smith
90%
1,174CLEJarvis Landry
89%
1,136MIAJarvis Landry
89%
1,314GNBJordy Nelson
89%
1,263GNBJordy Nelson
89%
1,519GNBJordy Nelson
89%
1,257GNBJordy Nelson
89%
1,327NWERob Gronkowski
87%
1,084NWERob Gronkowski
87%
1,175CARD.J. Moore
83%
1,502NYJBrandon Marshall
82%
1,214MIABrandon Marshall
82%
1,508CHIBrandon Marshall
82%
1,332PHIDeSean Jackson
81%
1,202MIADeVante Parker
81%
1,320DALDez Bryant
81%
1,382DALDez Bryant
81%
1,384TAMVincent Jackson
81%
1,646CLEJosh Gordon
74%
1,569NWEWes Welker
73%
1,354NWEWes Welker
73%
1,377SFOGeorge Kittle
72%
1,190DETKenny Golladay
72%
1,400JAXAllen Robinson
71%
1,404DENEmmanuel Sanders
71%
1,351ATLRoddy White
71%
1,389ATLRoddy White
71%
1,296ATLRoddy White
71%
1,536NYGVictor Cruz
70%
1,355INDReggie Wayne
69%
1,355INDReggie Wayne
69%
1,421CHIAlshon Jeffery
62%
1,310NORJimmy Graham
58%
1,115WASSantana Moss
55%
1,173NORBrandin Cooks
46%
1,331DETGolden Tate
46%
1,265GNBGreg Jennings
46%
1,162KANDwayne Bowe
38%
1,346WASPierre Garcon
37%
1,318PHIJeremy Maclin
33%
1,257PITMike Wallace
32%
1,448DENBrandon LLoyd
28%

Score Distribution

Percentile by Number Answered

Percent of People with Each Score

Your Score History

You have not taken this quiz